[Event "Budapest FS11 IM-B"]
[Site "Budapest"]
[Date "1995.??.??"]
[Round "1"]
[White "Svobodova, Michaela"]
[Black "Varga, Peter"]
[Result "0-1"]
[WhiteElo "2155"]
[BlackElo "2415"]

1.e4 c5 2.Nf3 Nc6 3.Bb5 d6 4.d4 cxd4 5.Qxd4 Bd7 6.Bxc6 Bxc6 7.Nc3 e6 8.Bg5 Nf6
9.O-O-O Be7 10.Qd3 O-O 11.Nd4 Qc7 12.f4 Rfc8 13.h4 Rab8 14.f5 Bd7 15.e5 dxe5
16.fxe6 fxe6 17.Nf3 Be8 18.Qe2 e4 19.Nxe4 Nxe4 20.Qxe4 Bg6 21.Qxe6+ Kh8 22.c3 Qa5
23.Qb3 Bxg5+ 24.hxg5 Qf5 25.Nd4 Qxg5+ 26.Rd2 b5 27.Ne6 Qf5 28.Rdd1 b4 29.Rh3 bxc3
30.Rxc3 h6 31.Rxc8+ Rxc8+ 32.Kd2  0-1

[Event "Budapest FS03 IM-B"]
[Site "Budapest"]
[Date "1995.??.??"]
[Round "1"]
[White "Held, Markus"]
[Black "Horvath, Peter"]
[Result "0-1"]
[WhiteElo "2210"]
[BlackElo "2365"]

1.e4 c5 2.Nf3 Nc6 3.Bb5 a6 4.Bxc6 dxc6 5.d3 Qc7 6.Be3 e5 7.Nc3 Bd6 8.Qd2 Ne7
9.h3 b6 10.O-O-O b5 11.Kb1 a5 12.g4 Ng6 13.Rdg1 a4 14.Ne2 Be6 15.Ng3 f6 16.Nf5 b4
17.g5 Bxf5 18.exf5 Ne7 19.gxf6 gxf6 20.Nh4 Nd5 21.Bh6 O-O-O 22.Rg7 Be7 23.Qe2 a3
24.Bc1 axb2 25.Bxb2 Qb6 26.Ka1 Rd7 27.Qe4 Ra7 28.Qc4 Kd7 29.Rhg1 Rha8 30.Rxh7 Rxa2+
31.Qxa2 Rxa2+ 32.Kxa2 b3+ 33.cxb3 Qa6+ 34.Kb1 Qxd3+ 35.Ka1 Qxb3 36.Ng6 Qa4+
37.Kb1 Qe4+ 38.Ka1 Qxf5 39.h4 Ke6 40.h5 c4 41.h6 Qxf2 42.Rc1 c3 43.Rxc3 Qa7+
44.Ba3 Qg1+ 45.Rc1 Qxg6 46.Rxc6+ Kf5 47.Rh8 Bxa3 48.h7 Qg1+ 49.Ka2 Nb4+  0-1

[Event "Schneider mem op"]
[Site "Budapest"]
[Date "1995.??.??"]
[Round "2"]
[White "Istvandi, Lajos"]
[Black "Rabovszky, Gyorgy"]
[Result "1-0"]
[WhiteElo "2335"]
[BlackElo "2125"]

1.e4 c5 2.Nf3 Nc6 3.Bb5 Nd4 4.Nxd4 cxd4 5.O-O e6 6.c3 a6 7.Ba4 Bc5 8.b4 Ba7
9.c4 Qh4 10.d3 Bb8 11.g3 Qh3 12.Bb2 h5 13.Qf3 e5 14.c5 Ne7 15.Nd2 Ng6 16.Bb3 O-O
17.Qe2 d6 18.Nc4 Be6 19.a4 f5 20.Nxe5 f4 21.Nxg6 f3 22.Bxe6+ Qxe6 23.Nxf8 Qg4
24.Qd1 dxc5 25.h3 Qxh3 26.Qxf3 h4 27.Qf5  1-0

[Event "Schneider mem op"]
[Site "Budapest"]
[Date "1995.??.??"]
[Round "3"]
[White "Zilahi, Gabor"]
[Black "Kiss, Attila"]
[Result "1/2-1/2"]
[WhiteElo "2080"]
[BlackElo "2380"]

1.e4 c5 2.Nf3 Nc6 3.Bb5 g6 4.O-O Bg7 5.c3 Nf6 6.Re1 O-O 7.d4 d5 8.e5 Ne4
9.Nbd2 cxd4 10.cxd4 Bf5 11.Nb3 f6 12.Bxc6 bxc6 13.Bf4 g5 14.Be3 Rb8 15.Rc1 Qd7
16.Nfd2 fxe5 17.Nxe4 dxe4 18.dxe5 Bxe5 19.Qxd7 Bxd7 20.Bxg5 Bxb2 21.Rc2 Bf6
22.Be3 Rb4 23.Bxa7 Kf7 24.Bc5 Rb5 25.Be3 Rg8 26.Nd4 Rh5 27.Nxc6 Bh3 28.g3 Bg4
29.Nd4 Rd8 30.Ne2 Bf3 31.Nf4 Ra5 32.Bb6 Rda8 33.Bxa5 Rxa5 34.Ng2 Bd4 35.Rc4 Bxf2+
36.Kxf2 Rxa2+ 37.Ke3 Rxg2 38.Rf1 Re2+ 39.Kf4 Rxh2 40.Rc5 e6 41.Ra1 Rh6 42.Ra7+ Kf6
43.Rc6 Rh5 44.Rcc7 Rf5+ 45.Ke3 Bh5 46.Rxh7 Bg6 47.Rhg7 Rf3+ 48.Ke2 Rxg3 49.Raf7+ Ke5
50.Kf2 Rg5 51.Rf8 Kd4 52.Rd8+ Ke5 53.Rf8 Rg4 54.Ke3 Rg5 55.Kf2 Kd4 56.Rd8+ Ke5
57.Rf8 Kd4 58.Rd8+  1/2-1/2

[Event "Budapest FS09 GM"]
[Site "Budapest"]
[Date "1995.??.??"]
[Round "5"]
[White "Barczay, Laszlo"]
[Black "Cao Sang"]
[Result "1-0"]
[WhiteElo "2425"]
[BlackElo "2420"]

1.e4 c5 2.Nf3 Nc6 3.Bb5 g6 4.O-O Bg7 5.Re1 e5 6.Bxc6 dxc6 7.d3 Qc7 8.a4 Nf6
9.Qd2 Bg4 10.Qe3 b6 11.a5 O-O 12.Nbd2 h6 13.Nc4 Nd7 14.axb6 axb6 15.Bd2 b5
16.Ba5 Qb8 17.Ncd2 Qd6 18.c3 Rfc8 19.Rec1 Be6 20.h3 Ra7 21.b4 Rca8 22.Rab1 Ra6
23.c4 Qb8 24.cxb5 cxb5 25.Nb3 Bf8 26.Nxc5 Nxc5 27.Rxc5 Bxc5 28.Qxc5 Qd6 29.Qe3 Kh7
30.Rc1 Rc8 31.Rc5 Rac6 32.Rxb5 Rc3 33.Nxe5 Rc1+ 34.Kh2 f6 35.Rb7+ R1c7 36.Bxc7 Rxc7
37.Rb6 Qxe5+ 38.f4 Qa1 39.Rxe6 Rc1 40.Re7+ Kg8 41.Ra7  1-0

[Event "Budapest FS08 IM-A"]
[Site "Budapest"]
[Date "1995.??.??"]
[Round "5"]
[White "Todorov, Todor"]
[Black "Kiss, Gedeon"]
[Result "1-0"]
[WhiteElo "2350"]
[BlackElo "2120"]

1.e4 c5 2.Nf3 Nc6 3.Bb5 e6 4.O-O Nge7 5.b3 Nd4 6.Nxd4 cxd4 7.Bb2 a6 8.Bd3 Nc6
9.c3 Bc5 10.Na3 O-O 11.Nc2 dxc3 12.dxc3 d6 13.Qh5 Ne5 14.Rad1 Bd7 15.c4 f6
16.Nd4 Qe7 17.Bb1 Ng6 18.Kh1 Nf4 19.Qf3 g5 20.Rd2 Rad8 21.Rfd1 Be8 22.Qc3 Bf7
23.Nc2 Bg6 24.f3 d5 25.cxd5 exd5 26.exd5 Ne2 27.Qc4 Rfe8 28.d6+ Qe6 29.Rxe2 Qxc4
30.Rxe8+ Rxe8 31.bxc4 Bxc2 32.d7  1-0

[Event "Budapest FS11 IM-B"]
[Site "Budapest"]
[Date "1995.??.??"]
[Round "5"]
[White "Svobodova, Michaela"]
[Black "Turzo, Attila"]
[Result "1/2-1/2"]
[WhiteElo "2155"]
[BlackElo "2310"]

1.e4 c5 2.Nf3 Nc6 3.Bb5 g6 4.Bxc6 dxc6 5.h3 e5 6.d3 f6 7.Be3 Nh6 8.Nbd2 Nf7
9.a4 Qe7 10.Nb3 b6 11.a5 Rb8 12.O-O Bg7 13.Ra3 O-O 14.Qa1 Nd6 15.axb6 axb6
16.Qa2 Kh8 17.c4 f5 18.Bg5 Qf7 19.exf5 gxf5 20.Ra7 Rb7 21.Rxb7 Bxb7 22.Re1 Rg8
23.Qa7 Qc7 24.Qa1 Nf7 25.Bd2 Rd8 26.Nc1 Ra8 27.Qb1 Qd6 28.Bc3 Rg8 29.b3 b5
30.Qa1 Ra8 31.Qb1 Bc8 32.Qb2 b4 33.Bxe5 Nxe5 34.Nxe5 Be6 35.f4 Rg8  1/2-1/2

[Event "Budapest FS08 GM"]
[Site "Budapest"]
[Date "1995.??.??"]
[Round "5"]
[White "Delchev, Aleksander"]
[Black "Nikolaidis, Ioannis"]
[Result "1/2-1/2"]
[WhiteElo "2455"]
[BlackElo "2540"]

1.e4 c5 2.Nf3 Nc6 3.Bb5 g6 4.c3 Nf6 5.Qe2 Bg7 6.d4 cxd4 7.cxd4 d5 8.e5 Ne4
9.O-O O-O 10.Be3 f6 11.Nbd2 Nxd2 12.Qxd2 fxe5 13.Bxc6 Rxf3 14.gxf3 bxc6 15.f4 Bh3
16.fxe5 Qd7 17.f3 Bxf1 18.Rxf1 Rf8 19.Qg2 c5 20.dxc5 Bxe5 21.Rd1 e6 22.Qe2 Rf5
23.Kh1 d4 24.Bg1 Qd5 25.Qe4 Qxc5 26.Bxd4 Bxd4 27.Qxd4 Qxd4 28.Rxd4 Rxf3 29.Ra4 Rf7  1/2-1/2

[Event "Budapest FS02 IM (Women)"]
[Site "Budapest"]
[Date "1995.??.??"]
[Round "5"]
[White "Porubszky Angyalosine, Maria A"]
[Black "Guenther, Anetta"]
[Result "1-0"]
[WhiteElo "2225"]
[BlackElo "2145"]

1.e4 c5 2.Nf3 Nc6 3.Bb5 g6 4.O-O Bg7 5.Bxc6 dxc6 6.h3 Nf6 7.d3 O-O 8.Nc3 Qc7
9.Be3 b6 10.Qd2 Rd8 11.Bh6 b5 12.Bxg7 Kxg7 13.Qg5 c4 14.dxc4 b4 15.Na4 Nxe4
16.Qe3 Nd6 17.b3 Nf5 18.Qe4 Rb8 19.Rfe1 Bb7 20.c5 e6 21.Qxb4 Ba6 22.Qc3+ Kg8
23.Qf6 Rd7 24.Nc3 Rbd8 25.Ne4 Nd4 26.Nxd4 Rxd4 27.Qf3 Bc8 28.Rad1 Rxd1 29.Rxd1 Rxd1+
30.Qxd1 e5 31.Nf6+ Kh8 32.Qd6  1-0

[Event "Budapest FS05 GM"]
[Site "Budapest"]
[Date "1995.??.??"]
[Round "5"]
[White "Bigaliev, Renat"]
[Black "McDonald, Neil R"]
[Result "1/2-1/2"]
[WhiteElo "2345"]
[BlackElo "2460"]

1.e4 c5 2.Nf3 Nc6 3.Bb5 d6 4.O-O Bd7 5.c3 a6 6.Bxc6 Bxc6 7.Re1 Nf6 8.d4 cxd4
9.cxd4 g6 10.Nc3 Bg7 11.Qb3 d5 12.e5 Ne4 13.Ng5 Nxg5 14.Bxg5 O-O 15.Ne2 Bb5
16.Nc3 Bc6 17.Qb4 f6 18.exf6 exf6 19.Bf4 Rf7 20.Bd6 a5 21.Qc5 Qd7 22.a4 b6
23.Qa3 Rd8 24.Be7 Re8 25.Bd6 Re6 26.Rxe6 Qxe6 27.Kf1 Rd7 28.Bf4 Re7 29.Qd6 Qxd6
30.Bxd6 Rd7 31.Bf4 g5 32.Bb8 Rb7 33.Bd6 f5 34.Rd1 b5 35.axb5 Bxb5+ 36.Nxb5 Rxb5
37.Rd2 Kf7 38.Ke2 Ke6 39.Bc5 f4 40.Kd3 Kf5 41.Kc2 g4  1/2-1/2

[Event "Budapest FS04 GM"]
[Site "Budapest"]
[Date "1995.??.??"]
[Round "6"]
[White "Illner, Achim"]
[Black "Honfi, Karoly"]
[Result "0-1"]
[WhiteElo "2355"]
[BlackElo "2380"]

1.e4 c5 2.Nf3 Nc6 3.Bb5 g6 4.O-O Bg7 5.c3 Nf6 6.e5 Nd5 7.d4 cxd4 8.cxd4 O-O
9.Nc3 Nxc3 10.bxc3 d6 11.exd6 Qxd6 12.a4 Rd8 13.Ba3 Qc7 14.Ng5 Qf4 15.Bc1 Qf5
16.Bd3 Qd5 17.Qe2 e6 18.Ne4 Kh8 19.Bc4 Qa5 20.Bg5 Rf8 21.Qe3 Qc7 22.Bf6 Bxf6
23.Nxf6 Kg7 24.Ng4 f5 25.Qh6+ Kg8 26.Ne3 Nd8 27.f4 Nf7 28.Qh3 Nd6 29.Ba2 Qxc3
30.d5 Qf6 31.Rac1 e5 32.Rc7 Rf7 33.fxe5 Qxe5 34.Rxf7 Nxf7 35.Rc1 Ng5 36.d6+ Be6
37.Qg3 f4 38.d7 fxg3  0-1

[Event "Budapest FS02 IM (Women)"]
[Site "Budapest"]
[Date "1995.??.??"]
[Round "6"]
[White "Cynolter Bognarne, Erzsebet"]
[Black "Schaefer, Anke"]
[Result "1/2-1/2"]
[WhiteElo "2000"]
[BlackElo "2130"]

1.e4 c5 2.Nf3 Nc6 3.Bb5 g6 4.O-O Bg7 5.c3 Nf6 6.Re1 a6 7.Bxc6 dxc6 8.d3 O-O
9.Be3 b6 10.h3 a5 11.Qc2 Ne8 12.d4 cxd4 13.Bxd4 Qc7 14.Bxg7 Nxg7 15.Nbd2 Ba6
16.Rad1 Rad8 17.Nf1 e5 18.Ne3 h5 19.Ng5 Qe7 20.h4 Ne6 21.Nxe6 Qxe6 22.a3 Kg7
23.Rxd8 Rxd8 24.Rd1 Qe7 25.g3 Rd7 26.f3 Qd8 27.Rxd7 Qxd7 28.Kf2 Qh3 29.Qd1 Qh2+
30.Ng2 Bc8 31.Qg1 Qh3 32.Qd1 Qe6 33.Qd2 Qe7 34.Ne3 Be6 35.Ke2 Qc5 36.b4 Qb5+
37.Qd3 Qa4 38.bxa5 Qxa5 39.c4 Qc5 40.Kd2 Qa5+ 41.Qc3 Qc5 42.Kc2 Qd4 43.Kb2 f6
44.a4 Kf7 45.Kb3 Ke7 46.Nc2 Qd1 47.Kb2 Kd7 48.c5 bxc5 49.a5 Qf1 50.Qxc5 Bc4
51.Qa7+ Kd6 52.Qb8+ Kd7 53.Qb7+ Kd6 54.Qb8+ Kd7 55.Qb7+  1/2-1/2

[Event "Budapest FS10 IM-B"]
[Site "Budapest"]
[Date "1995.??.??"]
[Round "6"]
[White "Nikitin, Andrey"]
[Black "Shurygin, Sergey"]
[Result "0-1"]
[WhiteElo "2290"]
[BlackElo "2365"]

1.e4 c5 2.Nf3 Nc6 3.Bb5 g6 4.O-O Bg7 5.Bxc6 dxc6 6.h3 Nf6 7.d3 O-O 8.Nbd2 Nd7
9.Nc4 Re8 10.a4 a5 11.Bd2 b6 12.Bc3 e5 13.Qd2 f6 14.Nd6 Re7 15.Nxc8 Rxc8
16.Nh2 Nf8 17.f4 exf4 18.Rxf4 Rf7 19.Raf1 Ne6 20.R4f2 Qe7 21.Ng4 Nd4 22.Nh6+ Bxh6
23.Qxh6 Rcf8 24.Be1 Qe5 25.Qh4 f5 26.c3 Ne6 27.exf5 Rxf5 28.Qe4 Qxe4 29.dxe4 Re5
30.Re2 Ng5 31.Bg3 Rxe4 32.Rxe4 Nxe4 33.Bc7 b5 34.Re1 Nd2 35.Rd1 Nc4 36.b3 Ne3
37.Rd8 Rxd8 38.Bxd8 c4 39.bxc4 bxa4  0-1

[Event "Budapest FS11 IM-B"]
[Site "Budapest"]
[Date "1995.??.??"]
[Round "6"]
[White "Levacic, Patrick"]
[Black "Borsavolgyi, Tamas"]
[Result "1-0"]
[WhiteElo "2345"]
[BlackElo "2320"]

1.e4 c5 2.Nf3 Nc6 3.Bb5 g6 4.O-O Bg7 5.Re1 e5 6.Bxc6 dxc6 7.a3 a5 8.d3 h6
9.Be3 Qe7 10.Nbd2 Nf6 11.h3 a4 12.Nc4 Nd7 13.Qd2 g5 14.Qe2 f6 15.Nh2 h5 16.Bd2 Nf8
17.Nb6 Rb8 18.Nxc8 Rxc8 19.Nf1 Ne6 20.Ng3 Nd4 21.Qd1 Qf7 22.Be3 Ne6 23.Nf5 Rd8
24.Qd2 Qc7 25.Qc3 Bf8 26.Qc4 Ng7 27.Nxg7+ Qxg7 28.Bxc5 Bxc5 29.Qxc5 g4 30.Qe3 gxh3
31.Qxh3 Ke7 32.Re3 h4 33.Rf1 Qg5 34.Qf5 Qxf5 35.exf5 Rh5 36.Re4 Rg8 37.f3 Rhg5
38.Rf2 h3 39.g4 Rxf5 40.Kh2 Rfg5 41.Rxa4 Kd6 42.Kxh3 b5 43.Ra7 Rh8+ 44.Kg3 f5
45.d4 exd4 46.Kf4 Rhg8 47.gxf5 Rh5 48.Ke4 Re8+ 49.Kxd4 Rxf5 50.b4 Ref8 51.Ke4 Re5+
52.Kd3 Ref5 53.Ke2 R8f6 54.Rg7 Kd5 55.Rd7+ Kc4 56.Rd3 Rd5 57.Rxd5 cxd5 58.f4 d4
59.Kd2 Kd5 60.f5 Ke4 61.Rf1 Rxf5 62.Rxf5 Kxf5 63.Kc1 Ke5 64.Kb2 Kd5 65.Kb3 Kc6
66.a4  1-0

[Event "Budapest FS12 IM"]
[Site "Budapest"]
[Date "1995.??.??"]
[Round "7"]
[White "Kersten, Uwe"]
[Black "Arnold, Johannes"]
[Result "1/2-1/2"]
[WhiteElo "2320"]
[BlackElo "2250"]

1.e4 c5 2.Nf3 Nc6 3.Bb5 g6 4.Bxc6 dxc6 5.d3 Qc7 6.h3 e5 7.Be3 f6 8.Nbd2 Be6
9.c3 Nh6 10.O-O Nf7 11.Qc2 Bd6 12.d4 cxd4 13.cxd4 O-O 14.dxe5 Nxe5 15.Nd4 Bf7
16.Rad1 a6 17.f4 Nd7 18.Nc4 Be7 19.Kh1 c5 20.Nf3 b5 21.Rxd7 Qxd7 22.Nb6 Qc7
23.Nxa8 Rxa8 24.Rd1 Rd8 25.Rxd8+ Bxd8 26.a3  1/2-1/2

[Event "Budapest FS08 IM-B"]
[Site "Budapest"]
[Date "1995.??.??"]
[Round "8"]
[White "Zupe, Miran"]
[Black "Hjelm, Niclas"]
[Result "1/2-1/2"]
[WhiteElo "2420"]
[BlackElo "2335"]

1.e4 c5 2.Nf3 Nc6 3.Bb5 g6 4.O-O Bg7 5.Re1 Nf6 6.Nc3 O-O 7.a4 d6 8.h3 e5
9.d3 h6 10.Ne2 Be6 11.Ng3 a6 12.Bxc6 bxc6 13.b3 Kh7 14.Nh2 Ng8 15.Rb1 f5
16.exf5 Bxf5 17.Ng4  1/2-1/2

[Event "Budapest FS02 IM-A"]
[Site "Budapest"]
[Date "1995.??.??"]
[Round "8"]
[White "Svobodova, Michaela"]
[Black "Acs, Peter"]
[Result "0-1"]
[WhiteElo "2120"]
[BlackElo "2240"]

1.e4 c5 2.Nf3 Nc6 3.Bb5 e6 4.Bxc6 bxc6 5.O-O d5 6.d3 Nf6 7.Nc3 Be7 8.b3 O-O
9.Qe2 a5 10.Na4 Nd7 11.c4 Nb6 12.Nxb6 Qxb6 13.cxd5 cxd5 14.exd5 Bf6 15.Bb2 Bxb2
16.Qxb2 exd5 17.d4 c4 18.Qc3 Qb4 19.Rfc1 Be6 20.Rab1 Rab8 21.Qc2 Rfc8 22.bxc4 Qxc4
23.Rxb8 Rxb8 24.Qd2 Qb4 25.h3 h6 26.Qxb4 Rxb4 27.Rc2 a4 28.Kf1 Bf5 29.Rc5 Bd3+
30.Ke1 Rb1+ 31.Kd2 Bc4 32.Ne5 Bxa2 33.Rc8+ Kh7 34.Nxf7 Bb3 35.Ra8 Ra1 36.Ne5 Ra2+
37.Ke3 a3 38.Nd3 Ra1 39.Nb4 a2 40.Kf3 Rb1 41.Rxa2 Bd1+ 42.Kf4 Rxb4 43.Ke5 Rb1
44.f4 Bb3 45.Ra7 Re1+ 46.Kd6 Kg6 47.g4 Bc4 48.h4 Rg1 49.g5 hxg5 50.hxg5 Rf1
51.Ke5 Re1+ 52.Kd6 Re4 53.f5+ Kxf5 54.Rxg7 Rxd4  0-1

[Event "Buenos Aires tt"]
[Site "Buenos Aires"]
[Date "1995.??.??"]
[Round "?"]
[White "Escandell, Juan Carlos"]
[Black "Scarella, Enrique"]
[Result "0-1"]
[WhiteElo "2275"]
[BlackElo "2380"]

1.e4 c5 2.Nf3 Nc6 3.Bb5 e6 4.O-O Nge7 5.b3 a6 6.Bxc6 Nxc6 7.Bb2 d6 8.d4 cxd4
9.Nxd4 Bd7 10.c4 Qa5 11.Nc3 Be7 12.Kh1 O-O 13.f4 Rfd8 14.a3 Nxd4 15.Qxd4 Bf6
16.Qe3 Qc5 17.Qe2 b5 18.e5 dxe5 19.Ne4 Qe7 20.fxe5 Bg5 21.Bc3 Bh6 22.Qh5 Bc6
23.Nd6 Rf8  0-1

[Event "Buenos Aires tt"]
[Site "Buenos Aires"]
[Date "1995.??.??"]
[Round "1"]
[White "Escandell, Juan Carlos"]
[Black "Altamirano, Benjamin"]
[Result "1-0"]
[WhiteElo "2275"]
[BlackElo "2235"]

1.e4 c5 2.Nf3 Nc6 3.Bb5 g6 4.Bxc6 bxc6 5.O-O Nf6 6.Re1 Bg7 7.e5 Nd5 8.c4 Nc7
9.d4 cxd4 10.Qxd4 Ne6 11.Qh4 h6 12.Nc3 Rb8 13.b3 f5 14.Ba3 Kf7 15.Rad1 Qe8
16.Nd4 c5 17.Nxe6 dxe6 18.Bxc5 Bb7 19.f3 a6 20.Na4 Bc6 21.Nb6 h5 22.b4 g5
23.Qxg5 h4 24.h3 Rh6 25.Kh2 Rb7 26.Qe3 Rg6 27.a4 Bh6 28.Qe2 Bf4+ 29.Kh1 Rg3
30.Rd3 Bxa4 31.Ra1 Bc6 32.Rxa6 Rc7 33.Ra5 Qg8 34.Bd4 Qg5 35.b5 Bb7 36.c5 Bxe5
37.Bxe5 Rxc5 38.Bxg3 hxg3 39.Nd7 Rc1+ 40.Rd1 Qe3 41.Qxe3  1-0

[Event "Buenos Aires Clarin op"]
[Site "Buenos Aires"]
[Date "1995.??.??"]
[Round "2"]
[White "Malbran, Guillermo"]
[Black "Sorokin, Maxim"]
[Result "1/2-1/2"]
[WhiteElo "2335"]
[BlackElo "2535"]

1.e4 c5 2.Nf3 Nc6 3.Bb5 e6 4.O-O Nge7 5.c3 d5 6.exd5 Qxd5 7.d4 cxd4 8.c4 Qd6
9.Nxd4 Bd7 10.Nxc6 Qxd1 11.Rxd1 Nxc6 12.Nc3 O-O-O 13.Be3 Be7 14.Bxc6 Bxc6
15.Bxa7 Bf6 16.Bb6 Rxd1+ 17.Rxd1 Bxc3 18.bxc3 h5 19.h4 Bd7 20.f3 Rg8 21.Kf2 f6
22.Rd6 e5 23.Rd5 Re8 24.Ra5 Kb8 25.Rd5 Be6 26.Rd8+ Rxd8 27.Bxd8 Kc8 28.Bb6 Bxc4
29.a3 Kd7 30.Bc5 b5 31.Bb4 Ke6 32.g3 Bd5 33.Ke3 Bc6 34.Bc5 Kf5 35.Bb4 Bd5
36.Be7 Ke6 37.Bb4 Bb3 38.Bc5 Bd1 39.Bf8 g6 40.f4 Kf5 41.fxe5 Kxe5 42.Be7 Bb3  1/2-1/2

[Event "Buenos Aires tt"]
[Site "Buenos Aires"]
[Date "1995.??.??"]
[Round "2"]
[White "German, Pablo"]
[Black "Alonso, Salvador"]
[Result "1-0"]
[WhiteElo "2395"]
[BlackElo "2270"]

1.e4 c5 2.Nf3 Nc6 3.Bb5 e6 4.Bxc6 bxc6 5.b3 f6 6.O-O Nh6 7.d4 Nf7 8.c3 cxd4
9.cxd4 Be7 10.Nc3 O-O 11.Be3 d5 12.exd5 cxd5 13.Qd2 Nd6 14.Qd3 Bd7 15.Rfe1 Bc6
16.Bc1 Ne4 17.Bb2 Qd7 18.Nd2 Nxc3 19.Bxc3 Bd6 20.Nf3 Rae8 21.Qd2 Rf7 22.a4 Qc7
23.Bb4 Bf4 24.Qc3 Qb7 25.Bc5 Rc7 26.b4 Bd7 27.Qb3 Rec8 28.Reb1 Be8 29.Re1 Bf7
30.Qd1 Re8 31.Nd2 Rcc8 32.Nb3 e5 33.b5 Qd7 34.Na5 e4 35.Nc6 Rc7 36.Qe2 a6
37.Na5 axb5 38.axb5 f5 39.b6 Rcc8 40.Reb1 Bb8 41.Qb5 Qe6 42.b7 Rc7 43.Qb6 f4
44.Qxe6 Bxe6 45.Bd6 Rd7 46.Bxb8 Rxb8 47.Nc6 Rbxb7 48.Ra8+ Kf7  1-0

[Event "Buenos Aires VII Najdorf op"]
[Site "Buenos Aires"]
[Date "1995.??.??"]
[Round "4"]
[White "Rosito, Jorge"]
[Black "German, Gustavo"]
[Result "1-0"]
[WhiteElo "2325"]
[BlackElo "2340"]

1.e4 c5 2.Nf3 Nc6 3.Bb5 g6 4.O-O Bg7 5.Bxc6 dxc6 6.d3 Bg4 7.Nbd2 Nf6 8.Nc4 Nd7
9.h3 Bxf3 10.Qxf3 O-O 11.Qg3 Nb6 12.Ne3 Qd7 13.a4 a5 14.Ng4 c4 15.Bh6 cxd3
16.Rfd1 Qd4 17.Bxg7 Kxg7 18.Qxd3 Qxd3 19.Rxd3 Rfd8 20.Rb3 Ra6 21.Ne3 Rd4
22.f3 Kf6 23.Kf2 Ke6 24.Ke2 f5 25.c3 Rd7 26.exf5+ gxf5 27.f4 Nc8 28.Nc4 Nd6
29.Nxd6 exd6 30.Kf3 Ra8 31.g4 fxg4+ 32.hxg4 Rf8 33.Rh1 Rdf7 34.f5+ Kd5 35.Ra3  1-0

[Event "Buenos Aires op"]
[Site "Buenos Aires"]
[Date "1995.??.??"]
[Round "5"]
[White "German, Sergio"]
[Black "Rodriguez, Jorge Luis"]
[Result "0-1"]
[WhiteElo "2275"]
[BlackElo "2395"]

1.e4 c5 2.Nf3 Nc6 3.Bb5 d6 4.O-O Bd7 5.c3 a6 6.Bxc6 Bxc6 7.Re1 e6 8.d4 d5
9.Nbd2 Nf6 10.exd5 Bxd5 11.c4 Bxf3 12.Qxf3 cxd4 13.Qxb7 Qc8 14.Qxc8+ Rxc8
15.a3 Be7 16.b4 O-O 17.Bb2 Rfd8 18.c5 a5 19.Nb3 axb4 20.axb4 Nd5 21.Ra7 Bf8
22.Ra4 Rb8 23.Ba3 Nc3 24.Ra5 d3 25.Nd2 Nb5 26.Bb2 Nd4 27.Ba3 Nc6 28.Ra4 Ra8
29.Rxa8 Rxa8 30.Nc4 Ra4 31.Rc1 f6 32.Kf1 d2 33.Rb1 Bxc5 34.bxc5 Rxc4 35.Ke2 Ra4
36.Bb2 Rb4 37.Kxd2 Rb5 38.Kc2 Rxc5+ 39.Bc3 Ne5 40.Kd2 Rd5+ 41.Ke2 Nd3 42.g3 h5
43.Rb7 Nc5 44.Rb8+ Kf7 45.Bd2 Ne4 46.Be3 Rb5 47.Ra8 g5 48.Kf3 Nd6 49.h3 Nf5
50.Ra3 Rb4 51.Rc3 Kg6 52.Ra3 e5 53.Bd2 g4+ 54.hxg4 hxg4+ 55.Kg2 Rb1 56.Rc3 Nd4
57.Rc1 Rxc1 58.Bxc1 Kf5 59.Ba3 Ke4 60.Be7 f5 61.Bd6 Nf3 62.Bc5 Kd3 63.Kf1 Nd2+
64.Kg2 Ke2 65.Bd6 Ne4 66.Bxe5 Nxf2 67.Bf4 Nd1 68.Bc7 Ne3+ 69.Kh2 Kf2 70.Bb6 Kf3
71.Kg1 Nd5 72.Bc5 Kxg3 73.Bd4 f4 74.Be5 Kf3 75.Bd4 g3 76.Bc5  0-1

[Event "Buenos Aires op"]
[Site "Buenos Aires"]
[Date "1995.??.??"]
[Round "6"]
[White "Zarnicki, Pablo"]
[Black "Quinteros, Miguel A"]
[Result "1-0"]
[WhiteElo "2520"]
[BlackElo "2505"]

1.e4 c5 2.Nf3 Nc6 3.Bb5 g6 4.O-O Bg7 5.Re1 Nf6 6.c3 O-O 7.h3 a6 8.Bxc6 dxc6
9.d4 cxd4 10.cxd4 c5 11.d5 b5 12.Nc3 Bb7 13.Bg5 h6 14.Bf4 Nd7 15.Qd2 Kh7
16.Rad1 c4 17.Qe3 Qc8 18.d6 e5 19.Bg3 Qc6 20.Bh4 f6 21.Nd5 Rad8 22.Nh2 g5
23.Qf3 f5 24.Bxg5 hxg5 25.Qh5+ Bh6 26.Ne7  1-0

[Event "Buenos Aires VII Najdorf op"]
[Site "Buenos Aires"]
[Date "1995.??.??"]
[Round "7"]
[White "Fiorito, Fabian"]
[Black "Amura, Claudia Noemi"]
[Result "0-1"]
[WhiteElo "2450"]
[BlackElo "2330"]

1.e4 c5 2.Nf3 Nc6 3.Bb5 g6 4.O-O Bg7 5.Bxc6 dxc6 6.d3 e5 7.Be3 Qe7 8.a4 Nf6
9.Na3 Nd7 10.Rb1 O-O 11.Qe1 a5 12.Nd2 f5 13.f3 f4 14.Bf2 h5 15.Ndc4 b6 16.c3 g5
17.Qd1 Ba6 18.Re1 Kh7 19.d4 cxd4 20.cxd4 exd4 21.Bxd4 Rad8 22.Bxg7 Qxg7 23.Qc2 Qd4+
24.Kh1 Nc5 25.e5+ Kh6 26.e6 Nd3 27.Re2 Rfe8 28.Qc3 Qxc3 29.bxc3 Nc5 30.Ree1 Rxe6
31.Rxe6+ Nxe6 32.h3 Ng7 33.Ne5 Rd2 34.Nxc6 Nf5 35.Nd4 Ng3+ 36.Kg1 Bd3 37.Re1 Ra2
38.Nab5 Rxa4 39.Nd6 Bg6 40.h4 gxh4 41.Kh2 Ra3 42.N6b5 Ra2 43.Ne6 Re2 44.Rxe2 Nxe2
45.Na3 Bf5 46.Nc7 Nxc3 47.Nc4 a4  0-1

[Event "Buenos Aires tt"]
[Site "Buenos Aires"]
[Date "1995.??.??"]
[Round "7"]
[White "Ricardi, Pablo"]
[Black "Scarella, Enrique"]
[Result "0-1"]
[WhiteElo "2545"]
[BlackElo "2380"]

1.e4 c5 2.Nf3 Nc6 3.Bb5 e6 4.O-O Nge7 5.c3 a6 6.Ba4 c4 7.Qe2 d5 8.exd5 Qxd5
9.Na3 b5 10.Bc2 Bb7 11.b3 cxb3 12.axb3 Ng6 13.d4 Bd6 14.Rd1 O-O 15.c4 Qh5
16.h3 b4 17.Nb1 Nh4 18.g4 Nxf3+ 19.Qxf3 Nxd4 20.Rxd4 Qe5 21.Qe3 Qh2+ 22.Kf1 Bc5
23.Qd3 f5 24.Bb2 Be4 25.Qe3 e5 26.Qg3 Qxg3 27.fxg3 Bxd4 28.Bxd4 exd4  0-1

[Event "Buenos Aires tt"]
[Site "Buenos Aires"]
[Date "1995.??.??"]
[Round "7"]
[White "German, Gustavo"]
[Black "De Dovitiis, Alejo"]
[Result "1-0"]
[WhiteElo "2425"]
[BlackElo "2340"]

1.e4 c5 2.Nf3 Nc6 3.Bb5 g6 4.O-O Bg7 5.c3 e5 6.d4 cxd4 7.cxd4 exd4 8.Na3 Nge7
9.Bf4 d5 10.exd5 Qxd5 11.Bc4 Qf5 12.Qd2 O-O 13.Nb5 Be6 14.Bd3 Qh5 15.Nc7 Rad8
16.Ng5 Bf5 17.Be2 Bg4 18.Bc4 Ne5 19.Bb3 h6 20.Rfe1 N7c6 21.Ne4 g5 22.Bg3 Kh8
23.Rac1 f5 24.Bxe5 Bxe5 25.Ng3 Qh4 26.Rxc6 Bf4 27.Qa5 bxc6 28.Ne6 Rde8 29.Nxf8 Rxf8
30.Qc5 Rd8 31.Qe7  1-0

[Event "Buenos Aires Clarin op"]
[Site "Buenos Aires"]
[Date "1995.??.??"]
[Round "8"]
[White "Campora, Daniel H"]
[Black "Spangenberg, Hugo"]
[Result "1/2-1/2"]
[WhiteElo "2525"]
[BlackElo "2500"]

1.e4 c5 2.Nf3 Nc6 3.Bb5 d6 4.O-O Bd7 5.Re1 Nf6 6.c3 a6 7.Bf1 Bg4 8.h3 Bh5
9.d3 e6 10.Nbd2 Be7 11.g4 Bg6 12.Nh4 Nd7 13.Ng2 e5 14.Nf3 h5 15.g5 Nf8 16.Ngh4 Bh7
17.Nf5 Ne6 18.h4 g6 19.Nxe7 Qxe7 20.Bh3 f6 21.gxf6 Qxf6 22.Bxe6 Qxe6 23.Ng5 Qd7
24.f4 O-O-O 25.Rf1 Rhf8 26.Qe2 Bg8 27.Be3 c4 28.d4 exd4 29.Bxd4 Nxd4 30.cxd4 d5
31.e5 Be6 32.Rae1 Kb8 33.Qe3 Rde8  1/2-1/2

[Event "Bussum op"]
[Site "Bussum"]
[Date "1995.??.??"]
[Round "7"]
[White "Glek, Igor V"]
[Black "Vedder, Richard"]
[Result "1-0"]
[WhiteElo "2590"]
[BlackElo "2160"]

1.e4 c5 2.Nf3 Nc6 3.Bb5 g6 4.O-O Bg7 5.Re1 e6 6.Bxc6 dxc6 7.e5 Ne7 8.Nc3 Nf5
9.Ne4 b6 10.d3 h6 11.g4 Nd4 12.Nxd4 cxd4 13.Nd6+ Kf8 14.Qf3 Qc7 15.Qe4 Ba6
16.Qxd4 Rd8 17.Bf4 Bb7 18.Qe3 Ba8 19.b4 c5 20.bxc5 bxc5 21.Rab1 Qc6 22.Ne4 Rd4
23.c3 Rd5 24.c4 Rd4 25.Rb5  1-0

[Event "Bytom op"]
[Site "Bytom"]
[Date "1995.??.??"]
[Round "?"]
[White "Kwiecien, Zbigniew"]
[Black "Ozog, Leon"]
[Result "1-0"]
[WhiteElo "2225"]
[BlackElo "2235"]

1.e4 c5 2.Nf3 Nc6 3.Bb5 Qb6 4.Nc3 e6 5.O-O Nf6 6.Re1 Be7 7.b3 O-O 8.Bb2 Nd4
9.Bc4 Nxf3+ 10.Qxf3 e5 11.Nd5 Nxd5 12.Bxd5 d6 13.Qg3 Qd8 14.Rf1 Bh4 15.Qc3 Bf6
16.a4 a5 17.Qd3 Ra7 18.Bc3 b6 19.Bc4 Bg5 20.f3 h5 21.g3 g6 22.f4 Bf6 23.f5 Kh7
24.Qe2 Bg7 25.h4 Qe8 26.Qf3 f6 27.Be2 Kh8 28.fxg6 Bg4 29.Qd3 Qxg6 30.Bxg4 Qxg4
31.Rf5 Bh6 32.Raf1 Rg7 33.Kf2 d5 34.Qxd5 Qxg3+ 35.Ke2 Rg4 36.Bxe5 Qg2+ 37.Kd1 Qxe4
38.Rxf6 Qxd5 39.Rxh6+ Kg8 40.Rh8+  1-0

[Event "Bytom op"]
[Site "Bytom"]
[Date "1995.??.??"]
[Round "?"]
[White "Kwiecien, Zbigniew"]
[Black "Cyborowski, Lukasz"]
[Result "0-1"]
[WhiteElo "2225"]
[BlackElo "2210"]

1.e4 c5 2.Nf3 Nc6 3.Bb5 e6 4.O-O Nge7 5.c3 a6 6.Ba4 b5 7.Bc2 d5 8.d4 cxd4
9.Nxd4 Nxd4 10.Qxd4 Bb7 11.e5 Nc6 12.Qe3 Qc7 13.Re1 g6 14.Nd2 Bg7 15.f4 O-O
16.Qh3 Rad8 17.Nf3 b4 18.Be3 d4 19.Nxd4 Nxd4 20.Bxd4 Rxd4 21.Bxg6 hxg6 22.cxd4 Rd8
23.Qe3 Qc6 24.Re2 Bf8 25.Rc1 Qb6 26.Rd2 Be7 27.Qf2 Kg7 28.h3 Bd5 29.b3 Rd7
30.Kh2 Qb7 31.g4 f6 32.Rdc2 Qb6 33.Rc8 Bd8 34.exf6+ Bxf6 35.g5 Bd8 36.Qe3 Bb7
37.Qe5+ Kh7 38.R8c5 Bd5 39.h4 Qd6 40.Qe3 Bb6 41.Rc8 Bb7 42.Re8 Bxd4 43.Qg3 Bb6
44.h5 Qd2+ 45.Kh3 Rd3 46.hxg6+ Kxg6 47.Rxe6+  0-1

[Event "CAN-ch"]
[Site "CAN"]
[Date "1995.??.??"]
[Round "1"]
[White "O'Donnell, Tom"]
[Black "Taylor, Gordon"]
[Result "1/2-1/2"]
[WhiteElo "2360"]
[BlackElo "2320"]

1.e4 c5 2.Nf3 Nc6 3.Bb5 g6 4.O-O Bg7 5.Re1 Nf6 6.c3 O-O 7.d4 cxd4 8.cxd4 d5
9.e5 Ne4 10.Nc3 Nxc3 11.bxc3 Qa5 12.Qa4 Qxa4 13.Bxa4 Bf5 14.Ba3 Rfc8 15.c4 e6
16.cxd5  1/2-1/2